Las armas miran atrás / (Record no. 125614)

MARC details
000 -LEADER
campo de control de longitud fija 00584nam a2200193 i 4500
001 - NÚMERO DE CONTROL
campo de control 125614
003 - IDENTIFICADOR DE NÚMERO DE CONTROL
campo de control ES-MaACL
005 - FECHA Y HORA DE LA ÚLTIMA TRANSACCIÓN
campo de control 20230906192651.0
008 - DATOS DE LONGITUD FIJA--INFORMACIÓN GENERAL
campo de control de longitud fija 070620s1944 sp |||| | spa d
100 1# - ENTRADA PRINCIPAL--NOMBRE DE PERSONA
Nombre de persona Zilahy, Lajos.
9 (RLIN) 118252
245 14 - MENCIÓN DEL TÍTULO
Título Las armas miran atrás /
Mención de responsabilidad, etc. Lajos Zilahy ; [traducción por Fernando Trías Beristain].
260 ## - PUBLICACIÓN, DISTRIBUCIÓN, ETC.
Lugar de publicación, distribución, etc. [Barcelona] :
Nombre del editor, distribuidor, etc. Lauro,
Fecha de publicación, distribución, etc. 1944 (
Fabricante Tip. Catalana)
300 ## - DESCRIPCIÓN FÍSICA
Extensión 359 p. ;
Dimensiones 20 cm.
490 1# - MENCIÓN DE SERIE
Mención de serie Leda
700 1# - ENTRADA AGREGADA--NOMBRE PERSONAL
Nombre de persona Trias Beristain, Fernando.
9 (RLIN) 111371
830 0# - PUNTO DE ACCESO ADICIONAL DE SERIE-TÍTULO UNIFORME
Título uniforme Leda
9 (RLIN) 186652
852 ## - LOCALIZACIÓN
Ubicación ES-MaACL
Número de control de estantería E-2198
Holdings
Estatus retirado Estado de pérdida Estado de daño No para préstamo Biblioteca de origen Biblioteca actual Ubicación en estantería Fecha de adquisición Fuente de adquisición Total de préstamos Signatura topográfica completa Código de barras Visto por última vez Precio de reemplazo Tipo de ítem Koha
        Biblioteca del Ateneo de Madrid Biblioteca del Ateneo de Madrid Depósito 2 17/01/2008     E-2198 1130853 23/02/2023 23/02/2023 Libro impreso